|
|
|
|
| LEADER |
01802nam a2200385 a 4500 |
| 001 |
2727 |
| 003 |
BD-DhAAL |
| 005 |
20151125234303.0 |
| 008 |
150903s1998 nyua sb 001 0 eng d |
| 020 |
|
|
|a 8120314107
|
| 020 |
|
|
|a 0585056242 (electronic bk.)
|
| 040 |
|
|
|a N$T
|c N$T
|d OCL
|d OCLCQ
|d NIC
|d BD-DhAAL
|
| 050 |
1 |
4 |
|a BF637.L4
|b D85 1998eb
|
| 082 |
0 |
4 |
|a 158/.4
|2 21
|
| 100 |
1 |
|
|a DuBrin, Andrew J.
|9 8248
|
| 245 |
1 |
4 |
|a The complete idiot's guide to leadership
|h [electronic resource] /
|c by Andrew J. DuBrin.
|
| 246 |
3 |
0 |
|a Leadership
|
| 260 |
|
|
|a New York, NY :
|a New Delhi :
|b Alpha Books,
|b Prentice Hall of India,
|c c1998.
|
| 300 |
|
|
|a xxiii, 308 p. :
|b ill. ;
|c 23 cm.
|
| 504 |
|
|
|a Includes bibliographical references (p. [287]-290) and index.
|
| 533 |
|
|
|a Electronic reproduction.
|b Boulder, Colo. :
|c NetLibrary,
|d 1999.
|n Available via the World Wide Web.
|n Available in multiple electronic file formats.
|n Access may be limited to NetLibrary affiliated libraries.
|
| 538 |
|
|
|a Technical requirements: Browser must be set to accept third party cookies. Safari (Mac) browser not supported by NetLibrary.
|
| 541 |
|
|
|e 2727
|
| 650 |
|
0 |
|a Leadership.
|9 14384
|
| 650 |
|
0 |
|a Employee motivation.
|9 14385
|
| 650 |
|
0 |
|a Teams in the workplace.
|9 8445
|
| 650 |
|
0 |
|a Motivation (Psychology)
|9 14386
|
| 650 |
|
7 |
|a Employee motivation
|2 fast
|9 14385
|
| 650 |
|
7 |
|a Leadership
|2 fast
|9 14384
|
| 650 |
|
7 |
|a Motivation (Psychology)
|2 fast
|9 14386
|
| 650 |
|
7 |
|a Teams in the workplace
|2 fast
|9 8445
|
| 710 |
2 |
|
|a NetLibrary, Inc.
|9 14387
|
| 942 |
|
|
|2 ddc
|c BK
|
| 999 |
|
|
|c 35424
|d 35424
|
| 952 |
|
|
|0 0
|1 0
|2 ddc
|4 0
|6 158_000000000000000__4_DUB
|7 0
|9 55710
|a SCL
|b SCL
|c GEN
|d 2015-09-03
|g 177.00
|l 7
|m 19
|o 158.4 DUB
|p 3020002727
|r 2023-02-23
|s 2023-02-02
|t 1
|w 2015-09-03
|y BK
|x 'The mentioned price is BDT conversion, actual price was RS150'
|